000
00275nam a22001097a 4500
082
_a
150/SCO
100
_a
Scott S. J. and Davenport , Barrie
_9
82824
245
_a
10- MINUTE MINDFULNESS
260
_a
Mumbai
_J
Jaico Publishing House
_c
2023
650
_a
Philosophy
942
_c
BK
999
_c
67549
_d
67549